00263nam a2200097Ia 4500082000800000245002600008100006400034942000700098008004100105999001900146 aMUR 0aSkaduwees van gister  a MURRAY, Ena Pretoria, 1990 Grootdrukuitg 98644 cBK210817s9999 xx 000 0 und d c391729d391729